Principles of Turbomachinery / (Record no. 15135)
[ view plain ]
| 000 -LEADER | |
|---|---|
| fixed length control field | 01170pam a2200277 a 4500 |
| 001 - CONTROL NUMBER | |
| control field | 3786045 |
| 005 - DATE AND TIME OF LATEST TRANSACTION | |
| control field | 19880104000000.0 |
| 008 - FIXED-LENGTH DATA ELEMENTS--GENERAL INFORMATION | |
| fixed length control field | 840405s1995 enka |rb 001 0 eng |
| 010 ## - LIBRARY OF CONGRESS CONTROL NUMBER | |
| LC control number | 84005490 |
| 020 ## - INTERNATIONAL STANDARD BOOK NUMBER | |
| International Standard Book Number | 0412602105 |
| 020 ## - INTERNATIONAL STANDARD BOOK NUMBER | |
| International Standard Book Number | 9780412602108 |
| 040 ## - CATALOGING SOURCE | |
| Original cataloging agency | DLC |
| Transcribing agency | DLC |
| Modifying agency | DLC |
| 050 00 - LIBRARY OF CONGRESS CALL NUMBER | |
| Classification number | TJ267 |
| Item number | .T88 1984 |
| 082 00 - DEWEY DECIMAL CLASSIFICATION NUMBER | |
| Classification number | 621.406 |
| Edition number | 22 |
| Item number | TUR |
| 100 1# - MAIN ENTRY--PERSONAL NAME | |
| Personal name | Turton, R. K. |
| Fuller form of name | (Robert Keith) |
| 9 (RLIN) | 23154 |
| 245 10 - TITLE STATEMENT | |
| Title | Principles of Turbomachinery / |
| Statement of responsibility, etc | R.K. Turton. |
| 250 ## - EDITION STATEMENT | |
| Edition statement | 2nd ed. |
| 260 ## - PUBLICATION, DISTRIBUTION, ETC. (IMPRINT) | |
| Place of publication, distribution, etc | London : |
| Name of publisher, distributor, etc | Chapman & Hall, 1995 |
| Date of publication, distribution, etc | 1984. |
| 300 ## - PHYSICAL DESCRIPTION | |
| Extent | xv, 265 p. : |
| Other physical details | ill. ; |
| Dimensions | 25 cm. |
| 504 ## - BIBLIOGRAPHY, ETC. NOTE | |
| Bibliography, etc | Includes bibliographical references (p.262) and index |
| 650 #0 - SUBJECT ADDED ENTRY--TOPICAL TERM | |
| Topical term or geographic name as entry element | Turbomachines. |
| 9 (RLIN) | 23155 |
| 942 ## - ADDED ENTRY ELEMENTS (KOHA) | |
| Source of classification or shelving scheme | Dewey Decimal Classification |
| Item type | NB - Book (Non borrowing) |
| Withdrawn status | Item status | Source of classification or shelving scheme | Damaged status | Not for loan | Vendor | Home library | Current library | Shelving location | Date acquired | Source of acquisition | Cost, normal purchase price | Total Checkouts | Full call number | Barcode | Date last seen | Date last borrowed | Koha item type | Materials specified (bound volume or other part) |
|---|---|---|---|---|---|---|---|---|---|---|---|---|---|---|---|---|---|---|
| Dewey Decimal Classification | Baccah | Central Library | Central Library | First floor | 18/04/2011 | 350.00 | 6 | 621.406 TUR | 000023266 | 15/07/2025 | 22/01/2015 | Book - Borrowing | ||||||
| Dewey Decimal Classification | Baccah | Central Library | Central Library | First floor | 18/04/2011 | 350.00 | 621.406 TUR | 000023267 | 15/07/2025 | NB - Book (Non borrowing) | ||||||||
| Lost | Dewey Decimal Classification | Baccah | Central Library | Central Library | First floor | 18/04/2011 | 621.406 TUR | 000023268 | 23/08/2016 | Book - Borrowing | Lost In Inventory_2017-8-25 |